| 000 | 00861nam a22002057a 4500 | ||
|---|---|---|---|
| 003 | 0 | ||
| 005 | 20250204151133.0 | ||
| 008 | 250204b xxu||||| |||| 00| 0 eng d | ||
| 050 |
_aGR 305.31 _b.M37 2023 |
||
| 100 | _aMartin, Allyson Liz L. | ||
| 245 |
_aA creative presentation of two popular philippine mythological creatures _bthe manananggal and white lady of balete drive _cAllyson Liz L. Martin |
||
| 260 |
_aLas Pinas City _bSouthville International School and Colleges _c2023 |
||
| 300 |
_avii, 71 pages: _bcolored pictures and illustration; _c28cm. |
||
| 500 | _aBachelor of Arts in Multimedia Arts. | ||
| 504 | _aIncludes bibliographical references and appendices. | ||
| 650 | _aPhilippine Folklore – Mythological Creatures. | ||
| 650 | _aGhost Stories – Philippines. | ||
| 650 | _aFilipino Cultural Beliefs and Traditions. | ||
| 942 |
_2lcc _cTH |
||
| 999 |
_c367115 _d367115 |
||